[Event "Guillermo Garcia Memorial-B 20th"]
[Site "Santa Clara"]
[Date "2011.05.31"]
[Round "10"]
[White "Ramos Galindo, Luis Ernesto"]
[Black "De la Torre Sanchez, Adrian"]
[Result "1-0"]
[WhiteElo "2158"]
[BlackElo "2080"]
[PlyCount "71"]
[EventDate "2011.05.23"]
[EventType "tourn"]
[EventRounds "14"]
[EventCountry "CUB"]
[SourceTitle "CBM 142 Extra"]
[Source "ChessBase"]
[SourceDate "2011.06.27"]
[SourceVersion "1"]
[SourceVersionDate "2011.06.27"]
[SourceQuality "1"]

1. e4 c5 2. Nf3 d6 3. d4 cxd4 4. Nxd4 Nf6 5. Nc3 g6 6. Be3 Bg7 7. f3 0-0 8. Bc4 Nc6 9. Qd2 Bd7 10. 0-0-0 Qa5 11. Kb1 Rfc8 12. Bb3 Ne5 13. g4 b5 14. h4 b4 15. Nce2 Nc4 16. Bxc4 Rxc4 17. h5 Rac8 18. hxg6 fxg6 19. Bh6 Bh8 20. Bg5 Be8 21. Bxf6 Bxf6 22. Qh6 Bf7 23. b3 R4c5 24. Nf4 Qa3 25. Rh2 Ra5 26. c4 bxc3 27. Qxh7+ Kf8 28. Rc2 Ke8 29. Nd5 Rxd5 30. exd5 Qc5 31. Ne6 Qa5 32. g5 Be5 33. f4 Bxe6 34. dxe6 Kd8 35. fxe5 Qxe5 36. Qxg6 1-0

[Event "Guillermo Garcia Memorial-B 20th"]
[Site "Santa Clara"]
[Date "2011.05.28"]
[Round "7"]
[White "Gonzalez Grave de Peralta, Raul"]
[Black "De la Torre Sanchez, Adrian"]
[Result "1-0"]
[WhiteElo "2069"]
[BlackElo "2080"]
[PlyCount "127"]
[EventDate "2011.05.23"]
[EventType "tourn"]
[EventRounds "14"]
[EventCountry "CUB"]
[SourceTitle "CBM 142 Extra"]
[Source "ChessBase"]
[SourceDate "2011.06.27"]
[SourceVersion "1"]
[SourceVersionDate "2011.06.27"]
[SourceQuality "1"]

1. e4 c5 2. Nf3 d6 3. d4 cxd4 4. Qxd4 Nc6 5. Bb5 Bd7 6. Bxc6 Bxc6 7. c4 Nf6 8. Nc3 g6 9. Bg5 Bg7 10. 0-0 0-0 11. Qe3 Ng4 12. Qd3 Ne5 13. Nxe5 Bxe5 14. Be3 Bg7 15. Bd4 Bxd4 16. Qxd4 Qa5 17. a3 Qc5 18. Qxc5 dxc5 19. Nd5 Bxd5 20. exd5 Rac8 21. Rfe1 Rfe8 22. Re3 h5 23. h4 Kf8 24. Rae1 Rc7 25. Kh2 Rd8 26. f4 f5 27. Rg3 Rd6 28. Kg1 Kf7 29. Re5 a6 30. a4 Rb6 31. b3 a5 32. Kf2 Rd7 33. Rge3 Rbd6 34. Ke2 b6 35. Re6 Rb7 36. R3e5 Kf8 37. g4 Rxe6 38. Rxe6 Kg7 39. gxh5 gxh5 40. Kf2 Kh7 41. Kf3 Kg7 42. Re2 Kf6 43. Re6+ Kg7 44. Re2 Kf6 45. Re5 Kg6 46. Re2 Kf6 47. Re6+ Kg7 48. Rc6 Kh7 49. Rc8 Kg7 50. Rd8 Kf7 51. Rh8 Kg6 52. Rg8+ Kf6 53. Rg5 Rb8 54. Rxh5 Kg6 55. Rg5+ Kf6 56. h5 Rh8 57. Kg3 Rh6 58. Kh4 Rh8 59. Rg6+ Kf7 60. Kg5 Rh7 61. h6 Rh8 62. Rg7+ Kf8 63. Kg6 Ke8 64. h7 1-0

[Event "Guillermo Garcia Memorial-B 20th"]
[Site "Santa Clara"]
[Date "2011.05.27"]
[Round "6"]
[White "De la Torre Sanchez, Adrian"]
[Black "Ochoa de la Rosa, Manuel Dario"]
[Result "1/2-1/2"]
[WhiteElo "2080"]
[BlackElo "2149"]
[PlyCount "32"]
[EventDate "2011.05.23"]
[EventType "tourn"]
[EventRounds "14"]
[EventCountry "CUB"]
[SourceTitle "CBM 142 Extra"]
[Source "ChessBase"]
[SourceDate "2011.06.27"]
[SourceVersion "1"]
[SourceVersionDate "2011.06.27"]
[SourceQuality "1"]

1. e4 e5 2. Nf3 Nf6 3. Nxe5 d6 4. Nf3 Nxe4 5. Qe2 Qe7 6. d3 Nf6 7. Bg5 Qxe2+ 8. Bxe2 Be7 9. Nc3 c6 10. 0-0-0 Na6 11. d4 Nc7 12. Rhe1 0-0 13. Bd3 Be6 14. Ne4 Ncd5 15. Nxf6+ Bxf6 16. Bxf6 Nxf6 1/2-1/2